000 00754nam a22002537a 4500
999 _c12079
_d12079
001 12079
003 BD-JhCC
005 20210314091839.0
008 210314s2018 nyu |||| |||| 001 0 eng d
020 _a9780194423601
035 _a(BD-JhCC)12079
040 _aBD-JhCC
_dBD-JhCC
041 _aeng
082 _a428.0071
_bLAR 2018
100 _aLarsen-Freeman, Diane
245 _aTechniques & principles in language teaching /
_cDiane Larsen-Freeman and Marti Anderson
250 _a3rd ed.
260 _aLondon :
_bOxford University Press,
_c2018.
300 _axix, 252 p. :
_bill. ;
_c25 cm.
504 _aIncludes index.
650 _aEnglish language--Study and teaching--Foreign speakers
700 _aAnderson, Marti
942 _2ddc
_cBK